La vida soviética / (Record no. 65665)

MARC details
000 -LEADER
campo de control de longitud fija 00647nam a2200217 i 4500
001 - NÚMERO DE CONTROL
campo de control 65665
003 - IDENTIFICADOR DE NÚMERO DE CONTROL
campo de control ES-MaACL
005 - FECHA Y HORA DE LA ÚLTIMA TRANSACCIÓN
campo de control 20250829112153.0
007 - CAMPO FIJO DE DESCRIPCIÓN FÍSICA--INFORMACIÓN GENERAL
campo de control de longitud fija t|
008 - DATOS DE LONGITUD FIJA--INFORMACIÓN GENERAL
campo de control de longitud fija 040120s1971 sp ||||1| spa d
100 1# - ENTRADA PRINCIPAL--NOMBRE DE PERSONA
Nombre de persona Froment-Meurice, Gabreille.
9 (RLIN) 52725
245 13 - MENCIÓN DEL TÍTULO
Título La vida soviética /
Mención de responsabilidad, etc. por Gabrielle Froment-Meurice ; [traducción de Eduardo Pons].
250 ## - MENCION DE EDICION
Mención de edición [1ª ed.].
260 ## - PUBLICACIÓN, DISTRIBUCIÓN, ETC.
Lugar de publicación, distribución, etc. Vilassar de Mar :
Nombre del editor, distribuidor, etc. Oikos-Tau,
Fecha de publicación, distribución, etc. [1971]
300 ## - DESCRIPCIÓN FÍSICA
Extensión 110 p. ;
Dimensiones 18 cm.
490 1# - MENCIÓN DE SERIE
Mención de serie ¿Qué sé?
700 1# - ENTRADA AGREGADA--NOMBRE PERSONAL
Nombre de persona Pons, Eduard.
9 (RLIN) 92985
830 0# - PUNTO DE ACCESO ADICIONAL DE SERIE-TÍTULO UNIFORME
Título uniforme ¿Qué sé?
9 (RLIN) 181382
852 ## - LOCALIZACIÓN
Ubicación ES-MaACL
Número de control de estantería C-46056
Sublocalización o colección R.80548
Holdings
Estatus retirado Estado de pérdida Estado de daño No para préstamo Biblioteca de origen Biblioteca actual Ubicación en estantería Fecha de adquisición Fuente de adquisición Total de préstamos Signatura topográfica completa Código de barras Visto por última vez Precio de reemplazo Tipo de ítem Koha
        Biblioteca del Ateneo de Madrid Biblioteca del Ateneo de Madrid Depósito 2 17/01/2008     C-46056 1068794 23/02/2023 23/02/2023 Libro impreso